Music Quiz

Random Music or Clickable Quiz

Can you match these groups with their Fandom Name? Quiz Stats

 Plays Quiz not verified by Sporcle

Challenge
Share
Tweet
Score 0/42 Timer 10:00
2 Plays Today
% Correct
BTS
98.6%
Got7
98.3%
EXO
97.8%
iKon
97.1%
Red Velvet
94.8%
Big Bang
94.1%
NCT
93.1%
Twice
91%
Blackpink
89.7%
Seventeen
88.8%
Topp Dogg
87.1%
Monsta X
87%
Shinee
86.1%
Infinite
84.8%
SNSD
84.3%
Sistar
80.7%
Romeo
77.5%
Vixx
77.5%
Day6
77.3%
Astro
77.1%
B.A.P
76.9%
% Correct
Block B
75.3%
Gfriend
74.6%
Map6
72.6%
AOA
72%
2pm
69.9%
Up10tion
69.9%
Winner
69.8%
Highlight
69.7%
Exid
66%
UNIQ
63.6%
CLC
54.4%
KNK
50.2%
Brown Eyed Girls
47.5%
Pentagon
45.3%
Imfact
45.3%
SF9
41.9%
B.I.G
37.6%
9Muses
36.1%
Victon
30.3%
A.C.E
25.7%
BLANC7
22.8%

You're not logged in!

Compare scores with friends on all Sporcle quizzes.
Join for Free
OR
Log In

You Might Also Like...

Show Comments

Extras

Top Quizzes Today


Score Distribution

Your Account Isn't Verified!

In order to create a playlist on Sporcle, you need to verify the email address you used during registration. Go to your Sporcle Settings to finish the process.

Report this User

Report this user for behavior that violates our Community Guidelines.

Details: